De paseo por la selva / (Record no. 17745)

MARC details
000 -LEADER
fixed length control field 00973nam a22002657a 4500
001 - CONTROL NUMBER
control field sjds170108
003 - CONTROL NUMBER IDENTIFIER
control field sjds
005 - DATE AND TIME OF LATEST TRANSACTION
control field 20170626161232.0
008 - FIXED-LENGTH DATA ELEMENTS--GENERAL INFORMATION
fixed length control field 170626b mau||||| |||| 00| 0 spa d
020 ## - INTERNATIONAL STANDARD BOOK NUMBER
International Standard Book Number 9781841489957 (pbk.)
020 ## - INTERNATIONAL STANDARD BOOK NUMBER
International Standard Book Number 1841489956 (pbk.)
040 ## - CATALOGING SOURCE
Transcribing agency sjds
041 ## - LANGUAGE CODE
Language code of text/sound track or separate title spa
Language code of original eng
100 1# - MAIN ENTRY--PERSONAL NAME
Personal name Harter, Debbie
240 ## - UNIFORM TITLE
Uniform title <a href="Walking through the jungle">Walking through the jungle</a>
245 ## - TITLE STATEMENT
Title De paseo por la selva /
Statement of responsibility, etc. ilustrado por Debbie Harter ; traducción del inglés, Raquel Ugalde.
260 ## - PUBLICATION, DISTRIBUTION, ETC. (IMPRINT)
Place of publication, distribution, etc. Cambridge, MA :
Name of publisher, distributor, etc. Barefoot Books,
Date of publication, distribution, etc. 2002.
300 ## - PHYSICAL DESCRIPTION
Extent 1 volume (unpaged) :
Other physical details color illustrations ;
Dimensions 25 x 26 cm
500 ## - GENERAL NOTE
General note "Barefoot en español"--Cover.
500 ## - GENERAL NOTE
General note Another ed. has title: Caminata por la jungla.
520 ## - SUMMARY, ETC.
Summary, etc. En este libro ilustrado para niños, una niña exploradora descubre los distintos animales y paisajes del mundo, y vuelve a casa, sana y salva.
650 ## - SUBJECT ADDED ENTRY--TOPICAL TERM
Topical term or geographic name as entry element Animals
Form subdivision Juvenile fiction
700 1# - ADDED ENTRY--PERSONAL NAME
Personal name Ugalde, Raquel
942 ## - ADDED ENTRY ELEMENTS (KOHA)
Koha item type Libro/Book
Holdings
Withdrawn status Lost status Source of classification or shelving scheme Damaged status Not for loan Home library Current library Date acquired Total Checkouts Barcode Date last seen Price effective from Koha item type
    Dewey Decimal Classification     Barbudos -- Satellite Barbudos -- Satellite 26/06/2017   35801526 26/06/2017 26/06/2017 Libro/Book

Powered by Koha